Counties by English Football Teams - Statistics

General Stats
  • This quiz has been taken 88 times
  • The average score is 35 of 41
Answer Stats
Country County Teams % Correct
England Bristol Bristol City | Bristol Rovers
99%
England Greater London AFC Wimbledon | Arsenal | Brentford | Bromley | Charlton Athletic | Chelsea | Crystal Palace | Fulham | Leyton Orient | Millwall | Queens Park Rangers | Tottenham Hotspurs | West Ham United
97%
England Greater Manchester Bolton Wanderers | Manchester City | Manchester Utd | Salford City | Stockport County | Wigan Athletic
97%
England Cambridgeshire Cambridge Utd | Peterborough Utd
97%
England Merseyside Everton | Liverpool | Tranmere Rovers
97%
England Lincolnshire Grimsby Town | Lincoln City
97%
England Leicestershire Leicester City
97%
England Lancashire Accrington Stanley | Blackburn Rovers | Blackpool | Burnley | Fleetwood Town | Morecambe | Preston North End
94%
England Devon Exeter City | Plymouth Argyle
94%
England Norfolk Norwich City
94%
England Derbyshire Chesterfield | Derby County
93%
England Oxfordshire Oxford United
93%
England Nottinghamshire Mansfield Town | Nottingham Forest | Notts County
92%
England Tyne and Wear Newcastle Utd | Sunderland
92%
England Hampshire Portsmouth | Southampton
92%
England West Midlands Aston Villa | Birmingham City | Coventry City | Walsall | West Bromwich Albion | Wolverhampton Wanderers
89%
England West Yorkshire Bradford City | Huddersfield Town | Leeds Utd
87%
England South Yorkshire Barnsley | Doncaster Rovers | Rotherham Utd | Sheffield Utd | Sheffield Wednesday
86%
England Cumbria Barrow | Carlisle Utd
86%
England East Sussex Brighton & Hove Albion
86%
England Suffolk Ipswich Town
86%
England Northamptonshire Northampton Town
86%
England Hertfordshire Stevenage | Watford
86%
England Dorset AFC Bournemouth
85%
England East Riding of Yorkshire Hull City
83%
England Staffordshire Burton Albion | Port Vale | Stoke City
82%
England Berkshire Reading
82%
Wales Wrexham Wrexham
82%
Wales Cardiff Cardiff City
80%
England Essex Colchester Utd
80%
Wales Swansea Swansea City
80%
England Bedfordshire Luton Town
79%
Wales Newport Newport County
79%
England Buckinghamshire MK Dons | Wycombe Wanderers
77%
England Kent Gillingham
72%
England Shropshire Shrewsbury Town
70%
England Gloucestershire Cheltenham Town
66%
England Cheshire Crewe Alexandra
62%
England North Yorkshire Harrogate Town | Middlesborough
61%
England Wiltshire Swindon Town
61%
England West Sussex Crawley Town
59%
No matching quizzes found
Score Distribution
Percent of People with Each Score
Percentile by Number Answered
Your Score History
You have not taken this quiz